Garden of the Brave in War (Record no. 13345)

MARC details
000 -LEADER
fixed length control field 00640nam a2200241 a 4500
020 ## - INTERNATIONAL STANDARD BOOK NUMBER
ISBN 0226645
082 00 - DEWEY DECIMAL CLASSIFICATION NUMBER
Classification number 915.50404
Author Cutter ODO
100 ## - MAIN ENTRY--AUTHOR NAME
Author name O`Donnel, Terence
245 ## - TITLE STATEMENT
Title Garden of the Brave in War
Sub title Recollections of Iran
260 ## - PUBLICATION, DISTRIBUTION, ETC. (IMPRINT)
Place of publication Chicago
Name of publisher Chicago University Press
Year of publication 1980
300 ## - PHYSICAL DESCRIPTION
Number of Pages 216p
500 ## - GENERAL NOTE
General note includes index and biblioraphy
505 2# - FORMATTED CONTENTS NOTE
Formatted contents note Maps
650 ## - SUBJECT ADDED ENTRY--TOPICAL TERM
Topical Term Iran-Travel and Description
942 ## - ADDED ENTRY ELEMENTS (KOHA)
Koha item type Books
700 1# -
-- O`Donnel, Terence
Holdings
Collection code Home library Current library Date acquired Cost, normal purchase price Full call number Accession Number Koha item type
  Henry Martyn Institute Library Henry Martyn Institute Library 06/05/2007 797.50 915.50404 ODO 019299 Books
                   Copyright © 2026 | Henry Martyn Institute | Hyderabad | TS-500052 | INDIA | Implemented by hmi.edu.in
Hit-Count:

Powered by Koha